Filosofia del diseño : la forma de las cosas

Esta obra recoge una selección de algunos de los artículos más sugerentes de Flusser. El autor propone que el futuro depende del diseño. Analizando distintos objetos cotidianos, así como temas relacionados con el diseño, desde las tiendas de campaña y los paraguas hasta la ética industrial y la arqu...

Full description

Bibliographic Details
Main Author: Flusser, Vilém, 1920-1991
Format: Libro
Language:Spanish
Published: Madrid : Síntesis, 2002.
Series:El espíritu y la letra 11
Subjects:
Online Access:

MARC

LEADER 00000nam a22000007a 4500
003 UAHC
005 20221109152609.0
008 221109s2002 ||||||| |||| 00| 0 spa d
020 |a 8477389896 
035 |a ARTES 
040 |a UAHC  |c UAHC 
082 |a 745.2  |b F647 
100 |9 16283  |a Flusser, Vilém,  |d 1920-1991 
245 |a Filosofia del diseño :   |b la forma de las cosas  |c Vilém Flusser ; traducción Pablo Marinas. 
260 |a Madrid :  |b Síntesis,  |c 2002. 
300 |a 171 páginas. 
440 |9 16284  |a El espíritu y la letra  |v 11 
520 |a Esta obra recoge una selección de algunos de los artículos más sugerentes de Flusser. El autor propone que el futuro depende del diseño. Analizando distintos objetos cotidianos, así como temas relacionados con el diseño, desde las tiendas de campaña y los paraguas hasta la ética industrial y la arquitectura de Wittgenstein, Flusser hace hincapié en las relaciones existentes entre el arte y la ciencia, la teología y la tecnología, y la arqueología y la arquitectura. De la misma manera en que la creatividad formal ha producido armas de destrucción a la vez que grandes obras de arte, el autor cree que la forma de las cosas representa tanto una amenaza como una oportunidad para los diseñadores del futuro. 
650 0 |9 16285  |a Filosofía del diseño 
900 |a 745.2 FLU 
942 |2 ddc  |c BK 
952 |0 0  |1 0  |2 ddc  |4 0  |6 745_200000000000000_FLU  |7 0  |8 COMP  |9 96048  |a BS  |b BS  |c General  |d 2022-11-09  |e Compra  |g 18250.00  |l 6  |m 4  |o 745.2 FLU  |p 1471867  |r 2025-11-26 00:00:00  |s 2025-09-23  |t 1  |w 0000-00-00  |x OC 2254 / Factura Liberalia Nº 68158  |y BK  |z También lo encuentras en bibliografias.academia.cl  |A HTD  |B DAE 
999 |c 59826  |d 59826